| 000 -ლიდერი |
| ფიქსირებული სიგრძის საკონტროლო ველი |
01260nam a2200229Ia 4500 |
| 001 - საკონტროლო ნომერი |
| საკონტროლო ველი |
13777 |
| 003 - საკონტროლო ნომრის იდენტიფიკატორი |
| საკონტროლო ველი |
GE_BSU |
| 005 - ბოლო ოპერაციის თარიღი და დრო |
| საკონტროლო ველი |
20240911162031.0 |
| 008 - ფიქსირებული სიგრძის მონაცემთა ელემენტები - ზოგადი ინფორმაცია |
| ფიქსირებული სიგრძის საკონტროლო ველი |
181216s2014||||ge |||||||||||||| ||geo|| |
| 020 ## - წიგნის საერთაშორისო სტანდარტული ნომერი |
| International Standard Book Number |
9789941067631 |
| 040 ## - კატალოგიზაციის წყარო |
| Transcribing agency |
GE_BSU |
| 041 ## - ენის კოდი |
| Language code of text/sound track or separate title |
geo |
| 080 ## - უნივერსალური ათობითი კლასიფიკაციის ინდექსი |
| Universal Decimal Classification number |
001(479.22:560) გ-71 |
| 245 ## - ცნობა სათაურის შესახებ |
| Title |
ქართულ-თურქული მულტიდისციპლინარული სამეცნიერო კონფერენცია. 3-4 ოქტომბერი = Georgian-turkish multidisciplinary scientific conference. |
| 264 ## - წარმოების, გამოცემის, დისტრიბუციის და სხვა ცნობები |
| გამოცემის, წარმოების, დისტრიბუციის... ადგილი |
გორი : |
| გამოცემის, წარმოების, დისტრიბუციის... სახელწოდება |
გორის სახ. სასწ. უნ-ტი, |
| გამოცემის, წარმოების, დისტრიბუციის... თარიღი |
2014. |
| 300 ## - ფიზიკური აღწერა |
| Extent |
67 გვ. : |
| Other physical details |
ილ. ; |
| Dimensions |
29 სმ. |
| 500 ## - ზოგადი შენიშვნა |
| General note |
ნაშრომები, თავფურ., ყდა ქართ. და ინგლ. |
| 500 ## - ზოგადი შენიშვნა |
| General note |
ფოტოგალერეა: გვ. 68-71 |
| 653 ## - INDEX TERM--UNCONTROLLED |
| Uncontrolled term |
საქართველო-თურქეთის ურთიერთობის ისტორია - კონფერენციები |
| 653 ## - INDEX TERM--UNCONTROLLED |
| Uncontrolled term |
ქართულ-თურქული მულტიდისციპლინარული სამეცნიერო კონფერენცია |
| 942 ## - ADDED ENTRY ELEMENTS (KOHA) |
| Koha item type |
წიგნი |
| Source of classification or shelving scheme |
|